[Event "Leverkusen-ch op"]
[Site "Leverkusen"]
[Date "2005.04.18"]
[Round "9"]
[White "Lessing, Sebastian"]
[Black "Selbach, Frank"]
[Result "0-1"]
[WhiteElo "1110"]
[BlackElo "1677"]
[PlyCount "50"]
[EventDate "2005.01.10"]
[EventType "swiss"]
[EventRounds "9"]
[EventCountry "GER"]
[SourceTitle "EXT 2006"]
[Source "ChessBase"]
[SourceDate "2005.11.24"]
[SourceVersion "1"]
[SourceVersionDate "2005.11.24"]
[SourceQuality "1"]

1. e4 c5 2. Nc3 Nc6 3. Nf3 e6 4. Bb5 d5 5. exd5 exd5 6. Qe2+ Be6 7. Ne5 Nge7 8. Bxc6+ Nxc6 9. Nxc6 bxc6 10. 0-0 Bd6 11. Re1 0-0 12. d3 Qc7 13. g3 Qd7 14. Qf3 Rae8 15. Bd2 Bg4 16. Qg2 Qf5 17. Rxe8 Rxe8 18. Re1 Rxe1+ 19. Bxe1 Bh3 20. Qh1 Qg5 21. Qf3 Bg4 22. Qe3 Qf6 23. Na4 Be6 24. c3 d4 25. Qc1 Qf3 0-1

[Event "Leverkusen-ch op"]
[Site "Leverkusen"]
[Date "2005.01.31"]
[Round "3"]
[White "Selbach, Frank"]
[Black "Kuechenhofen, Rudolf"]
[Result "1-0"]
[WhiteElo "1677"]
[BlackElo "1587"]
[PlyCount "31"]
[EventDate "2005.01.10"]
[EventType "swiss"]
[EventRounds "9"]
[EventCountry "GER"]
[SourceTitle "EXT 2006"]
[Source "ChessBase"]
[SourceDate "2005.11.24"]
[SourceVersion "1"]
[SourceVersionDate "2005.11.24"]
[SourceQuality "1"]

1. e4 e5 2. Nf3 Nc6 3. Bc4 Nf6 4. Ng5 d5 5. exd5 Na5 6. Bb5+ c6 7. dxc6 bxc6 8. Ba4 Bc5 9. c3 Qb6 10. 0-0 Ng4 11. Qf3 0-0 12. b4 Bxb4 13. cxb4 Nc4 14. Bxc6 Rb8 15. Qe4 g6 16. Qxc4 1-0

[Event "Leverkusen op"]
[Site "Leverkusen"]
[Date "2004.05.03"]
[Round "9"]
[White "Selbach, Frank"]
[Black "Schimpf, Rolf"]
[Result "1-0"]
[WhiteElo "1731"]
[BlackElo "1861"]
[PlyCount "59"]
[EventDate "2004.01.12"]
[EventType "swiss"]
[EventRounds "9"]
[EventCountry "GER"]
[SourceTitle "EXT 2006"]
[Source "ChessBase"]
[SourceDate "2005.11.24"]
[SourceVersion "1"]
[SourceVersionDate "2005.11.24"]
[SourceQuality "1"]

1. e4 c5 2. Nf3 e6 3. d4 cxd4 4. Nxd4 a6 5. Nc3 d6 6. Be2 Nf6 7. Be3 Be7 8. f4 Nc6 9. 0-0 0-0 10. Bf3 Qc7 11. Qe1 Bd7 12. Qg3 Kh8 13. Nxc6 bxc6 14. e5 dxe5 15. fxe5 Nd5 16. Bd4 Rab8 17. Ne4 c5 18. c4 cxd4 19. cxd5 exd5 20. Nd6 Be6 21. Bg4 Bxd6 22. exd6 Qd7 23. Bxe6 fxe6 24. Rxf8+ Rxf8 25. Rc1 Qf7 26. d7 Kg8 27. h3 g6 28. Qd6 Rd8 29. Rc8 Qf6 30. Qc7 1-0

[Event "Leverkusen op"]
[Site "Leverkusen"]
[Date "2004.02.02"]
[Round "3"]
[White "Selbach, Frank"]
[Black "Lukovski, Lev"]
[Result "0-1"]
[WhiteElo "1731"]
[BlackElo "2080"]
[PlyCount "67"]
[EventDate "2004.01.12"]
[EventType "swiss"]
[EventRounds "9"]
[EventCountry "GER"]
[SourceTitle "EXT 2006"]
[Source "ChessBase"]
[SourceDate "2005.11.24"]
[SourceVersion "1"]
[SourceVersionDate "2005.11.24"]
[SourceQuality "1"]

1. e4 c5 2. Nf3 Nc6 3. d4 cxd4 4. Nxd4 e5 5. Nb5 d6 6. c4 Be6 7. Be3 a6 8. N5c3 Rc8 9. a3 Be7 10. Na4 Bg5 11. Bb6 Qd7 12. Nbc3 Nh6 13. Be2 0-0 14. Nd5 Bxd5 15. exd5 Nb8 16. 0-0 f5 17. b4 Nf7 18. Qb3 Kh8 19. c5 Be7 20. cxd6 Bxd6 21. Bc5 Qe7 22. Bxd6 Nxd6 23. Nc5 Nd7 24. Nxb7 Nxb7 25. Bxa6 Rb8 26. Bb5 Nd6 27. Bc6 Nc5 28. Qc2 Nce4 29. Rfb1 f4 30. f3 Qa7+ 31. Kf1 Nc4 32. Re1 Ncd2+ 33. Ke2 Qe3+ 34. Kd1 0-1

[Event "Leverkusen op"]
[Site "Leverkusen"]
[Date "2004.01.12"]
[Round "1"]
[White "Selbach, Frank"]
[Black "Sosnowski, Waldemar"]
[Result "0-1"]
[WhiteElo "1731"]
[BlackElo "2168"]
[PlyCount "72"]
[EventDate "2004.01.12"]
[EventType "swiss"]
[EventRounds "9"]
[EventCountry "GER"]
[SourceTitle "EXT 2006"]
[Source "ChessBase"]
[SourceDate "2005.11.24"]
[SourceVersion "1"]
[SourceVersionDate "2005.11.24"]
[SourceQuality "1"]

1. e4 g6 2. d4 Bg7 3. Be3 d6 4. c3 c6 5. Nd2 d5 6. Bd3 Nf6 7. f3 dxe4 8. Nxe4 Nbd7 9. Qc2 Nd5 10. Bf2 0-0 11. Ne2 Bh6 12. 0-0 Ne3 13. Qd2 Ng4 14. f4 Nxf2 15. Rxf2 Nf6 16. Nxf6+ exf6 17. Qe3 Be6 18. Qg3 f5 19. Kh1 Qd6 20. Ng1 Rad8 21. Bc2 c5 22. dxc5 Qxc5 23. Re1 Qc7 24. b3 b5 25. Nh3 Rd7 26. Qh4 Qxc3 27. Rfe2 Kg7 28. Ng5 Bxg5 29. fxg5 Kg8 30. Qf2 Rfd8 31. h4 Rd2 32. Bb1 Qd4 33. Rxd2 Qxd2 34. Re2 Qc1+ 35. Re1 Rd1 36. Rxd1 Qxd1+ 0-1

[Event "Leverkusen-ch 15th"]
[Site "Leverkusen"]
[Date "2003.04.28"]
[Round "9"]
[White "Buettner, Ulrich"]
[Black "Selbach, Frank"]
[Result "1/2-1/2"]
[WhiteElo "1842"]
[BlackElo "1602"]
[PlyCount "40"]
[EventDate "2003.01.06"]
[EventType "swiss"]
[EventRounds "9"]
[EventCountry "GER"]
[SourceTitle "EXT 2006"]
[Source "ChessBase"]
[SourceDate "2005.11.24"]
[SourceVersion "1"]
[SourceVersionDate "2005.11.24"]
[SourceQuality "1"]

1. b4 e5 2. Bb2 d6 3. c4 Be6 4. e3 Nf6 5. Nf3 Be7 6. Be2 Nbd7 7. Nc3 0-0 8. d4 exd4 9. Nxd4 Ne5 10. Nxe6 fxe6 11. 0-0 c6 12. Qb3 Qc7 13. h3 d5 14. Rac1 Rad8 15. cxd5 exd5 16. e4 Qb8 17. exd5 Nxd5 18. Nxd5 cxd5 19. Rcd1 Qd6 20. Bd4 b6 1/2-1/2